Exprezident mieri do Patagónie takmer 82-ročný Rudolf Schuster sa cestou zastaví aj v rodisku Martina Kukučína v čílskom Punta Arenas

Bibliographic Details
Main Author: Macko, Boris (Author)
Format: Article
Language:Slovak
PhysicalDescription:Fotogr.
ISSN:1339-7605
Subjects:
Online Access:http://www.kosicednes.sk/exprezident-mieri-do-patagonie/

MARC

LEADER 00000nab a2200000 a 4500
001 vtls011467394
003 SK-MaSNL
005 20260303194048.0
008 171110c20151216xo dr| z0 0slo
038 |a KEVKJB 
040 |a KEVKJB  |b slo  |c KEVKJB  |e AACR2 
041 0 |a slo 
044 |a xo  |c SK 
080 |a 910.4  |2 2001 
100 1 |a Macko, Boris  |4 aut  |9 857682 
245 1 0 |a Exprezident mieri do Patagónie  |b takmer 82-ročný Rudolf Schuster sa cestou zastaví aj v rodisku Martina Kukučína v čílskom Punta Arenas  |c Boris Macko 
300 |b Fotogr. 
600 1 7 |a Schuster, Rudolf,  |d 1934-  |2 kevkjb  |9 86070 
650 0 7 |a osobnosti  |2 snkbucl  |9 29820 
650 0 7 |a cestovanie  |2 kevkjb  |9 18846 
651 7 |a Patagónia (Argentína a Čile)  |2 kevkjb  |9 86763 
651 7 |a Košice (Slovensko)  |2 kevkjb  |9 18694 
651 7 |a Antarktída  |2 kevkjb  |9 16353 
773 0 |t košice:dnes  |g Roč. 2, č. 240 (16.12.2015), s. 8  |x 1339-7605 
852 |a KEVKJB  |b KIS3GCP 
856 4 1 |u http://www.kosicednes.sk/exprezident-mieri-do-patagonie/ 
999 |c 2155481  |d 2157411